000 00489cam a22001337a 4500
008 180718b2000 xxu||||| |||| 00| 0 eng d
082 _aAPPPA 99-2000 PAT/22
100 _aPattanayak, S.
245 _aPricing of urban water supply: a case study
_cby S. Pattanayak
260 _aNew Delhi
_bIndian Institute of Public Administration
_c2000
300 _a71p.
500 _aAn APPPA M.Phil. dissertation, 99-2000 (Guide: K.S.R.N. Sarma)
650 _aWater-supply, Urban - Orissa - Bhubaneswar
999 _c489441
_d489441